000 01334nam a2200313Ia 4500
001 ebr10132045
003 CaPaEBR
006 m u
007 cr cn|||||||||
008 050331s2006 mdu ss 000 0 eng d
020 _z1598880098
040 _aCaPaEBR
_cCaPaEBR
035 _a(OCoLC)567836876
050 1 4 _aHC101
_b.B87 2006eb
245 0 0 _aBusiness statistics of the United States
_h[electronic resource] :
_bpatterns of economic change /
_cCornelia J. Strawser, editor ; associate editors, Mary Meghan Ryan, Mark Siegal, Katherine A. DeBrandt.
246 1 3 _aPatterns of economic change
250 _a11th ed.
260 _aLanham, Md. :
_bBernan Press,
_c2006.
300 _axliv, 610 p.
533 _aElectronic reproduction.
_bPalo Alto, Calif. :
_cebrary,
_d2011.
_nAvailable via World Wide Web.
_nAccess may be limited to ebrary affiliated libraries.
650 0 _aCommercial statistics.
651 0 _aUnited States
_xEconomic conditions
_y1981-2001.
651 0 _aUnited States
_xCommerce
_vStatistics.
651 0 _aUnited States
_xEconomic conditions
_y2001-2009.
655 7 _aElectronic books.
_2local
700 1 _aStrawser, Cornelia J.
710 2 _aebrary, Inc.
856 4 0 _uhttp://site.ebrary.com/lib/rucke/Doc?id=10132045
_zAn electronic book accessible through the World Wide Web; click to view
999 _c80538
_d80538